LEADER 01270nam a2200277 i 4500 001 991004123669707536 008 090131s1975 it a b 111 0 ita d 035 $ab13806336-39ule_inst 040 $aDip.to Filologia Class. e Scienze Filosofiche$bita 041 0 $aita$afre 110 2 $aAccademia romanistica costantiniana$0240708 245 10$aAtti dell'Accademia romanistica costantiniana :$bI Convegno internazionale : Spello, Foligno, Perugia, 18-20 settembre 0973 260 $aNapoli :$bEdizioni scientifiche italiane,$c1975 300 $a449 p. ;$c24 cm 440 0$aPubblicazioni dell'Università degli studi di Perugia 500 $aIn testa al front.: Università degli studi di Perugia, Facoltà di giurisprudenza 504 $aContiene riferimenti bibliografici 546 $aTesti in italiano e francese 650 4$aDiritto romano$vCongressi 710 2 $aUniversità di Perugia.$bFacoltà di giurisprudenza 907 $a.b13806336$b02-04-14$c30-01-09 912 $a991004123669707536 945 $aLE007 00 ARC 01$cv.01$g1$i2007000177051$lle007$op$pE23.40$q-$rl$s- $t0$u0$v0$w0$x0$y.i1492402x$z30-01-09 996 $aAtti dell'Accademia romanistica costantiniana$9243398 997 $aUNISALENTO 998 $ale007$b30-01-09$cm$da $e-$fita$git $h0$i0